[Event "DEM U10/U10w 2009"]
[Site "Willingen GER"]
[Date "2009.05.31"]
[Round "2"]
[White "Essler, Oskar"]
[Black "Mehsin, Yazan"]
[Result "0-1"]
[Termination "normal"]
[Board "17"]
[WhiteElo "1341"]
[BlackElo "1180"]
[PlyCount "136"]
[WhiteFideId "12918024"]
[EventCountry "GER"]
[EventRounds "11"]
[EventType "swiss"]
[EventDate "2009.05.30"]

1. e4 e5 2. Nf3 Nf6 3. Nc3 Nc6 4. Bc4 Bb4 5. d3 O-O 6. a3 Bxc3+ 7. bxc3 d5 8.
exd5 Nxd5 9. O-O Bg4 10. Bb2 Nf6 11. h3 Bh5 12. d4 e4 13. g4 Bxg4 14. hxg4 exf3
15. Qxf3 Qd7 16. Be2 Rfe8 17. g5 Ne4 18. Qf4 Nxg5 19. Bg4 Nh3+ 20. Bxh3 Qxh3
21. Rfe1 Red8 22. Qxc7 Rd5 23. Qf4 Rf5 24. Qe3 Qg4+ 25. Qg3 Qh5 26. Qe3 Rg5+
27. Kf1 h6 28. c4 Qg4 29. d5 Rh5 30. Qg3 Qxc4+ 31. Re2 Rg5 32. Qc7 Qxd5 33. Qh2
Nd4 34. Bxd4 Qxd4 35. Rae1 Qd5 36. Re5 Qc4+ 37. R5e2 Rd8 38. Qh1 Rd4 39. f3 Rh4
40. Qg2 Rxg2 41. Kxg2 Rh5 42. Re8+ Kh7 43. R8e2 Qh4 44. Re4 Rg5+ 45. Kf1 Qg3
46. Ke2 Rh5 47. Kd1 Qxf3+ 48. Kc1 Rd5 49. R4e3 Qf4 50. Kb1 Qd4 51. Rd3 Qb6+ 52.
Kc1 Rb5 53. Rde3 Rb1+ 54. Kd2 Qa5+ 55. Rc3 Qd5+ 56. Rd3 Qg2+ 57. Re2 Qg5+ 58.
Ree3 Qg1 59. a4 f5 60. Kc3 f4 61. Rf3 Qe1+ 62. Rd2 Qe5+ 63. Kd3 Qd5+ 64. Ke2
Re1+ 65. Kxe1 Qxf3 66. Rf2 Qe3+ 67. Kf1 h5 68. Kg2 h4 0-1

[Event "DEM U10/U10w 2009"]
[Site "Willingen GER"]
[Date "2009.05.31"]
[Round "2"]
[White "Rost, Henning"]
[Black "Pallas, Sebastian"]
[Result "0-1"]
[Termination "normal"]
[Board "18"]
[WhiteElo "880"]
[BlackElo "1334"]
[PlyCount "66"]
[BlackFideId "12905453"]
[EventCountry "GER"]
[EventRounds "11"]
[EventType "swiss"]
[EventDate "2009.05.30"]

1. e4 c5 2. Nf3 Nc6 3. c3 d5 4. Qa4 e6 5. Ne5 Bd7 6. Nxd7 Qxd7 7. d3 Rd8 8. Be2
Be7 9. Be3 Nf6 10. Nd2 O-O 11. O-O Qc7 12. Qc2 Bd6 13. f4 d4 14. e5 dxe3 15.
exd6 Qxd6 16. Nc4 Qc7 17. Nxe3 Rd7 18. Rad1 Rfd8 19. b3 e5 20. fxe5 Nxe5 21.
Nc4 Nxc4 22. dxc4 Rxd1 23. Rxd1 Rxd1+ 24. Qxd1 g6 25. Qf1 Qe7 26. Bf3 b6 27. a3
Qe3+ 28. Qf2 Qxc3 29. Bd1 Qa1 30. Qf3 Kg7 31. a4 Qd4+ 32. Kf1 Ne4 33. Qe2 Nc3
0-1

[Event "DEM U10/U10w 2009"]
[Site "Willingen GER"]
[Date "2009.05.31"]
[Round "2"]
[White "Kempe, Anne"]
[Black "Sawlin, Leonid"]
[Result "0-1"]
[Termination "normal"]
[Board "20"]
[WhiteElo "1168"]
[BlackElo "1853"]
[PlyCount "56"]
[WhiteFideId "12918083"]
[BlackFideId "4689542"]
[EventCountry "GER"]
[EventRounds "11"]
[EventType "swiss"]
[EventDate "2009.05.30"]

1. e4 e6 2. d4 d5 3. Nc3 Nf6 4. e5 Nfd7 5. Nf3 c5 6. Be3 Nc6 7. Bb5 cxd4 8.
Bxd4 a6 9. Bxc6 bxc6 10. Qd2 c5 11. Be3 Be7 12. Bg5 Bxg5 13. Qxg5 Qxg5 14. Nxg5
Nxe5 15. O-O O-O 16. Rfe1 Nc6 17. Na4 Nd4 18. Rac1 c4 19. c3 Nc6 20. Nf3 Rb8
21. Rc2 Rb5 22. Rb1 Bd7 23. b3 Rfb8 24. b4 a5 25. a3 axb4 26. axb4 Ra5 27. Nc5
Rxc5 28. bxc5 Rxb1+ 0-1

[Event "DEM U10/U10w 2009"]
[Site "Willingen GER"]
[Date "2009.05.31"]
[Round "2"]
[White "Baskin, Robert"]
[Black "Fieberg, Samuel"]
[Result "1-0"]
[Termination "normal"]
[Board "22"]
[WhiteElo "1697"]
[BlackElo "1125"]
[PlyCount "49"]
[WhiteFideId "24662402"]
[BlackFideId "12901717"]
[EventCountry "GER"]
[EventRounds "11"]
[EventType "swiss"]
[EventDate "2009.05.30"]

1. e4 e5 2. Nf3 Nc6 3. Bb5 a6 4. Ba4 Nf6 5. d3 b5 6. Bb3 Be7 7. O-O O-O 8. Re1
Bb7 9. c3 d6 10. Nbd2 Qd7 11. Nf1 Rad8 12. Ng3 h6 13. d4 Na5 14. Bc2 Nc4 15. b3
Nb6 16. Nf5 Qc8 17. Nxe7+ Kh8 18. Nxc8 Bxc8 19. Qe2 Bg4 20. h3 Bh5 21. g4 Bg6
22. dxe5 dxe5 23. Nxe5 Bh7 24. Rd1 Rde8 25. f4 1-0

[Event "DEM U10/U10w 2009"]
[Site "Willingen GER"]
[Date "2009.05.31"]
[Round "2"]
[White "Hümmecke, Sarah"]
[Black "Paulsen, Alexej"]
[Result "0-1"]
[Termination "normal"]
[Board "23"]
[WhiteElo "979"]
[BlackElo "1549"]
[PlyCount "84"]
[BlackFideId "24662372"]
[EventCountry "GER"]
[EventRounds "11"]
[EventType "swiss"]
[EventDate "2009.05.30"]

1. e4 c5 2. c3 Nf6 3. e5 Nd5 4. d4 cxd4 5. cxd4 d6 6. f4 dxe5 7. fxe5 Bf5 8.
Qb3 Nb6 9. Bc4 e6 10. Be3 Nc6 11. Nf3 Rc8 12. Bb5 Be7 13. O-O O-O 14. Nc3 Nb4
15. Rac1 a6 16. Be2 N6d5 17. Nxd5 Nxd5 18. Rxc8 Qxc8 19. Rc1 Qd7 20. Bf2 Rc8
21. Rxc8+ Qxc8 22. Qc4 Qxc4 23. Bxc4 Kf8 24. Kf1 Ke8 25. Ke1 Kd7 26. Kd2 Bb4+
27. Kc1 h6 28. a3 Be7 29. Kd2 Kc6 30. Nh4 Bg5+ 31. Kd1 Bh7 32. Nf3 Ne3+ 33.
Bxe3 Bxe3 34. Nd2 Bxd4 35. Kc1 Bxe5 36. g3 b5 37. Be2 a5 38. Bf3+ Kc5 39. a4
Bd3 40. axb5 Kxb5 41. Nb3 a4 42. Na1 a3 0-1

[Event "DEM U10/U10w 2009"]
[Site "Willingen GER"]
[Date "2009.05.31"]
[Round "2"]
[White "Greßmann, Moritz"]
[Black "Hutton, Jim"]
[Result "1-0"]
[Termination "normal"]
[Board "24"]
[WhiteElo "1500"]
[BlackElo "1167"]
[PlyCount "67"]
[WhiteFideId "24695084"]
[EventCountry "GER"]
[EventRounds "11"]
[EventType "swiss"]
[EventDate "2009.05.30"]

1. Nf3 d5 2. c4 dxc4 3. e3 Bg4 4. Bxc4 Nd7 5. Ng5 Ne5 6. Bxf7+ Nxf7 7. Qxg4
Nxg5 8. Qxg5 h6 9. Qh5+ Kd7 10. Qf5+ e6 11. Qb5+ Kc8 12. Nc3 Qd6 13. Ne4 Qd5
14. Qe8+ Qd8 15. Qxe6+ Qd7 16. Qxd7+ Kxd7 17. b3 Re8 18. Ng3 Kc8 19. Bb2 Rh7
20. O-O g5 21. Nh5 Rd8 22. d4 Bd6 23. e4 Ne7 24. e5 Bb4 25. a3 Ba5 26. b4 Bb6
27. Nf6 Rf7 28. Rfd1 Nf5 29. d5 c6 30. d6 Ng7 31. d7+ Kc7 32. e6 Nf5 33. Be5+
Nd6 34. Bxd6# 1-0

[Event "DEM U10/U10w 2009"]
[Site "Willingen GER"]
[Date "2009.05.31"]
[Round "2"]
[White "Hermann, Tobias"]
[Black "Schaefer, Matthes"]
[Result "1/2-1/2"]
[Termination "normal"]
[Board "25"]
[WhiteElo "1161"]
[BlackElo "1311"]
[PlyCount "103"]
[WhiteFideId "12903701"]
[BlackFideId "12946117"]
[EventCountry "GER"]
[EventRounds "11"]
[EventType "swiss"]
[EventDate "2009.05.30"]

1. e4 c5 2. Bc4 d6 3. Nc3 g6 4. d3 Bg7 5. Bd2 Nf6 6. h3 Nc6 7. Nf3 O-O 8. O-O
Bd7 9. Re1 Ne5 10. Nxe5 dxe5 11. Nd5 Bc6 12. Nxf6+ Bxf6 13. Be3 b6 14. Qd2 Bg7
15. a3 Qd6 16. Rad1 Ba4 17. b3 Bc6 18. a4 Bd7 19. Bd5 Rab8 20. Bc4 Be6 21. Bxe6
Qxe6 22. Bh6 Ra8 23. Bxg7 Kxg7 24. f4 exf4 25. Qxf4 Qd7 26. Qe5+ Kg8 27. Qd5
Rad8 28. Qxd7 Rxd7 29. Rf1 a6 30. c4 Rfd8 31. Rf3 Rb8 32. Kf2 b5 33. cxb5 axb5
34. axb5 Rxb5 35. Rb1 Rdb7 36. g3 Rxb3 37. Rxb3 Rxb3 38. Ke2 Rb2+ 39. Kd1 Rb3
40. Kc2 c4 41. g4 Rxd3 42. Rxd3 cxd3+ 43. Kxd3 Kg7 44. e5 f6 45. Ke4 fxe5 46.
Kxe5 Kf7 47. g5 e6 48. Kd6 Kg7 49. Kxe6 h6 50. h4 Kh7 51. Kf6 hxg5 52. hxg5
1/2-1/2

[Event "DEM U10/U10w 2009"]
[Site "Willingen GER"]
[Date "2009.05.31"]
[Round "2"]
[White "Lohmüller, Gedeon"]
[Black "Riehle, Marco"]
[Result "0-1"]
[Termination "normal"]
[Board "26"]
[WhiteElo "1015"]
[BlackElo "1442"]
[PlyCount "78"]
[BlackFideId "12904392"]
[EventCountry "GER"]
[EventRounds "11"]
[EventType "swiss"]
[EventDate "2009.05.30"]

1. e4 e5 2. Nf3 Nc6 3. Bc4 Bc5 4. c3 Nf6 5. d4 exd4 6. cxd4 Bb4+ 7. Nc3 Nxe4 8.
O-O Bxc3 9. bxc3 d5 10. Bb5 O-O 11. Qe1 a6 12. Bd3 Re8 13. Bxe4 Rxe4 14. Qd1
Bg4 15. h3 Bh5 16. Rb1 Rb8 17. Re1 Bxf3 18. gxf3 Rxe1+ 19. Qxe1 Qd6 20. Qe2
Qg6+ 21. Kh2 Qxb1 22. Bf4 Qb5 23. Qe3 Qb6 24. Kg3 Na5 25. Qe7 Qg6+ 26. Kh2 Rc8
27. Bxc7 Nc4 28. Qe2 h6 29. Bf4 Qe6 30. Qf1 Re8 31. Qg2 b5 32. Qg1 Qf6 33. Qg3
Re1 34. Bc7 Qg6 35. Qxg6 fxg6 36. Bg3 Re2 37. a3 Rc2 38. f4 Rxc3 39. f5 gxf5
0-1

[Event "DEM U10/U10w 2009"]
[Site "Willingen GER"]
[Date "2009.05.31"]
[Round "2"]
[White "Kast, Larissa"]
[Black "Balzer, Alexander"]
[Result "0-1"]
[Termination "normal"]
[Board "27"]
[WhiteElo "1011"]
[BlackElo "1229"]
[PlyCount "64"]
[WhiteFideId "24699055"]
[BlackFideId "34609822"]
[EventCountry "GER"]
[EventRounds "11"]
[EventType "swiss"]
[EventDate "2009.05.30"]

1. d4 d5 2. c4 e6 3. Nc3 Nf6 4. Bg5 Nbd7 5. Nf3 c6 6. e3 Qa5 7. Nd2 dxc4 8.
Bxc4 Qxg5 9. O-O b5 10. Bd3 Bb7 11. Qf3 b4 12. Nce4 Nxe4 13. Nxe4 Qa5 14. Ng5
Qxg5 15. Rfe1 Rb8 16. Qh3 c5 17. dxc5 Bxc5 18. Rad1 Nb6 19. Bb5+ Kf8 20. Rd2
Be7 21. Red1 Qxb5 22. Qg4 f5 23. Qh3 Nc4 24. Rd4 Nxb2 25. R1d2 Qc5 26. f3 a5
27. Kf2 a4 28. Rxb2 Bf6 29. Rbxb4 Bxd4 30. Rxd4 Qc2+ 31. Kf1 Ba6+ 32. Ke1 Qe2#
0-1

[Event "DEM U10/U10w 2009"]
[Site "Willingen GER"]
[Date "2009.05.31"]
[Round "2"]
[White "Scheinhütte, Jakob"]
[Black "Sadewasser, Lucie"]
[Result "1-0"]
[Termination "normal"]
[Board "29"]
[WhiteElo "1174"]
[BlackElo "989"]
[PlyCount "63"]
[WhiteFideId "24693944"]
[BlackFideId "12905445"]
[EventCountry "GER"]
[EventRounds "11"]
[EventType "swiss"]
[EventDate "2009.05.30"]

1. e4 e5 2. Nf3 Nc6 3. Bb5 a6 4. Ba4 b5 5. Bb3 Nf6 6. O-O Be7 7. Re1 d6 8. h3
Bb7 9. c3 Na5 10. Bc2 Qd7 11. d4 Nc6 12. Bg5 O-O 13. Nbd2 Ne8 14. Bxe7 Qxe7 15.
Nf1 Nf6 16. Ng3 Rfe8 17. Nf5 Qd7 18. Qe2 Na7 19. Rad1 exd4 20. Rxd4 Nxe4 21.
Bxe4 d5 22. Qf1 g6 23. Nh6+ Kg7 24. Ng4 c5 25. Rdd1 f5 26. Nge5 Qd6 27. Bc2 d4
28. cxd4 a5 29. dxc5 Qxc5 30. Rd7+ Re7 31. Rxe7+ Qxe7 32. Nxg6 1-0

[Event "DEM U10/U10w 2009"]
[Site "Willingen GER"]
[Date "2009.05.31"]
[Round "2"]
[White "Schmitt, Marco"]
[Black "Phenn, Jan-Niklas"]
[Result "0-1"]
[Termination "normal"]
[Board "30"]
[WhiteElo "993"]
[BlackElo "1172"]
[PlyCount "84"]
[BlackFideId "12954985"]
[EventCountry "GER"]
[EventRounds "11"]
[EventType "swiss"]
[EventDate "2009.05.30"]

1. e4 e5 2. Nf3 Nf6 3. Bc4 Nxe4 4. Nxe5 d5 5. Bd3 Nf6 6. Nc3 Nbd7 7. Nxd7 Bxd7
8. Bb5 Bxb5 9. Nxb5 a6 10. Nc3 Bd6 11. d3 O-O 12. Bg5 Re8+ 13. Kf1 h6 14. Bh4
Be7 15. Bxf6 Bxf6 16. Qf3 c6 17. Re1 Rxe1+ 18. Kxe1 Qe7+ 19. Qe3 Bxc3+ 20. bxc3
Qxe3+ 21. fxe3 Re8 22. Ke2 Kh7 23. Rf1 Kg6 24. c4 d4 25. Rf3 Rxe3+ 26. Rxe3
dxe3 27. Kxe3 Kf5 28. d4 g5 29. d5 cxd5 30. cxd5 Ke5 31. c4 Kd6 32. Kd4 b6 33.
a4 a5 34. g3 g4 35. h4 gxh3 36. Ke4 h2 37. Kf5 h1=Q 38. Kf6 Qf3+ 39. Kg7 Ke7
40. g4 Qf6+ 41. Kh7 Kf8 42. d6 Qg7# 0-1

[Event "DEM U10/U10w 2009"]
[Site "Willingen GER"]
[Date "2009.05.31"]
[Round "2"]
[White "Lederer, Leia"]
[Black "Reuker, Jari"]
[Result "0-1"]
[Termination "normal"]
[Board "31"]
[WhiteElo "944"]
[BlackElo "1147"]
[PlyCount "120"]
[WhiteFideId "12926353"]
[BlackFideId "12909300"]
[EventCountry "GER"]
[EventRounds "11"]
[EventType "swiss"]
[EventDate "2009.05.30"]

1. e4 d5 2. exd5 Qxd5 3. Nc3 Qa5 4. d4 Nf6 5. Bd2 c6 6. Nf3 Bf5 7. Bd3 Bxd3 8.
cxd3 e6 9. O-O Nbd7 10. Re1 Nd5 11. Nxd5 Qxd5 12. Rc1 Qxa2 13. Ng5 h6 14. Ne4
Qxb2 15. Nc5 Qxd4 16. Nxb7 Ne5 17. Bc3 Qxd3 18. Qa4 Qc4 19. Qa5 Nd3 20. Red1
Be7 21. Rb1 O-O 22. Rd2 Nc5 23. Rd4 Nxb7 24. Rxb7 Qc5 25. Qa1 Qa3 26. Qxa3 Bxa3
27. Rg4 g6 28. Rxg6+ fxg6 29. Rg7+ Kh8 30. Rf7+ Kg8 31. Rg7+ Kh8 32. Rf7+ Kg8
33. Rg7+ Kh8 34. Rf7+ e5 35. Bxe5+ Kg8 36. Rg7+ Kh8 37. Rf7+ Kg8 38. Rg7+ Kh8
39. Rf7+ Kg8 40. Rg7+ Kh8 41. Rf7+ Kg8 42. Rg7+ Kh8 43. Rxg6+ Kh7 44. Rg3 h5
45. Rh3 Kh6 46. g4 Kg5 47. gxh5 Kh6 48. Rg3 Kxh5 49. h4 Kxh4 50. Kh2 Rxf2+ 51.
Kg1 Bc5 52. Kh1 Rf1+ 53. Kh2 Rf2+ 54. Kh1 Re8 55. Bc7 Re1+ 56. Rg1 Rxg1+ 57.
Kxg1 Rf7+ 58. Kg2 Rf2+ 59. Kg1 Kh3 60. Kh1 Rf1# 0-1

[Event "DEM U10/U10w 2009"]
[Site "Willingen GER"]
[Date "2009.05.31"]
[Round "2"]
[White "Berdin, Victoria"]
[Black "Michalowski, Sophia"]
[Result "1-0"]
[Termination "normal"]
[Board "32"]
[WhiteElo "1137"]
[BlackElo "951"]
[PlyCount "61"]
[BlackFideId "12902454"]
[EventCountry "GER"]
[EventRounds "11"]
[EventType "swiss"]
[EventDate "2009.05.30"]

1. e4 c6 2. Bc4 d5 3. exd5 cxd5 4. Bb5+ Bd7 5. Bxd7+ Qxd7 6. d4 Nc6 7. c3 Nf6
8. Bf4 e6 9. Nf3 Bd6 10. Bxd6 Qxd6 11. O-O e5 12. Nxe5 Nxe5 13. dxe5 Qxe5 14.
Re1 Ne4 15. f3 O-O 16. fxe4 dxe4 17. Qe2 Rfe8 18. Nd2 e3 19. Nf3 Qe7 20. Rad1
Qc5 21. Rd3 Qb5 22. Rxe3 Qxe2 23. R3xe2 Rxe2 24. Rxe2 Rd8 25. Re7 Rd1+ 26. Kf2
Rd8 27. Rxb7 a6 28. Ra7 Rb8 29. Kg3 Rxb2 30. Ra8+ Rb8 31. Rxb8# 1-0

[Event "DEM U10/U10w 2009"]
[Site "Willingen GER"]
[Date "2009.05.31"]
[Round "2"]
[White "Perske, Thore"]
[Black "Lehmann, Erik"]
[Result "1-0"]
[Termination "normal"]
[Board "33"]
[WhiteElo "1120"]
[BlackElo "943"]
[PlyCount "129"]
[WhiteFideId "12902195"]
[EventCountry "GER"]
[EventRounds "11"]
[EventType "swiss"]
[EventDate "2009.05.30"]

1. e4 c5 2. d3 Nc6 3. g3 Nf6 4. Bg2 e6 5. Nf3 d5 6. Nbd2 g6 7. O-O Bh6 8. Qe2
O-O 9. Re1 Re8 10. e5 Ng4 11. h3 Bxd2 12. Bxd2 Ngxe5 13. Nxe5 Nd4 14. Qd1 Qf6
15. Nf3 Nxf3+ 16. Bxf3 Qxb2 17. Bxd5 Qd4 18. Bg2 e5 19. Rb1 Rb8 20. Bf4 Bxh3
21. Bxe5 Rxe5 22. Rxe5 Bxg2 23. Re3 Bd5 24. Qd2 Qg4 25. Kf1 Qh3+ 26. Ke2 Qg4+
27. Ke1 Qh3 28. Qe2 Qh1+ 29. Qf1 Qxf1+ 30. Kxf1 Bxa2 31. Ra1 Bd5 32. c4 Bc6 33.
Rxa7 Rd8 34. Ke2 h5 35. Re5 Rc8 36. Ke1 Bf3 37. Ra5 Rd8 38. Re3 Bg4 39. Rxc5
Ra8 40. Kf1 Bh3+ 41. Kg1 Ra1+ 42. Kh2 Bg4 43. Rb5 Bc8 44. Re8+ Kg7 45. Rxc8 Ra2
46. Kg2 Kh6 47. Rxb7 Rd2 48. Rd7 f5 49. c5 Kg5 50. c6 f4 51. gxf4+ Kxf4 52. c7
Rc2 53. Rf8+ Kg4 54. c8=Q Rxc8 55. Rxc8 h4 56. Rh7 g5 57. d4 Kf5 58. Re8 Kf4
59. d5 Kg4 60. d6 h3+ 61. Rxh3 Kf5 62. d7 Kg4 63. Rg3+ Kf4 64. Rxg5 Kxg5 65.
d8=Q+ 1-0

[Event "DEM U10/U10w 2009"]
[Site "Willingen GER"]
[Date "2009.05.31"]
[Round "2"]
[White "Döpper, Anna Berenice"]
[Black "von Reppert, Marc"]
[Result "0-1"]
[Termination "normal"]
[Board "34"]
[WhiteElo "919"]
[BlackElo "1111"]
[PlyCount "52"]
[WhiteFideId "1271853"]
[BlackFideId "12918130"]
[EventCountry "GER"]
[EventRounds "11"]
[EventType "swiss"]
[EventDate "2009.05.30"]

1. e4 e6 2. d4 d5 3. exd5 exd5 4. Nf3 Nf6 5. Bd3 Bd6 6. O-O O-O 7. Re1 Bg4 8.
Bg5 Nbd7 9. Nbd2 Re8 10. h3 Bh5 11. c4 c6 12. c5 Bc7 13. a3 b6 14. b4 b5 15.
Bh4 Bf4 16. Nb3 Rxe1+ 17. Qxe1 Bxf3 18. gxf3 Qc7 19. Bxf6 Nxf6 20. Kh1 Re8 21.
Qg1 Qd7 22. Qg2 Bc7 23. Rg1 g6 24. Na1 Nh5 25. Nc2 Nf4 26. Qf1 Nxd3 0-1

[Event "DEM U10/U10w 2009"]
[Site "Willingen GER"]
[Date "2009.05.31"]
[Round "2"]
[White "Nguyen, Anh Van"]
[Black "Reimers, Kim"]
[Result "0-1"]
[Termination "normal"]
[Board "35"]
[WhiteElo "1095"]
[BlackElo "901"]
[PlyCount "84"]
[WhiteFideId "12908223"]
[BlackFideId "12930377"]
[EventCountry "GER"]
[EventRounds "11"]
[EventType "swiss"]
[EventDate "2009.05.30"]

1. e4 c6 2. d4 d5 3. e5 Bf5 4. Nc3 e6 5. Nf3 f6 6. Bd3 Nd7 7. Bxf5 exf5 8. Bf4
Ne7 9. O-O Ng6 10. Bg3 f4 11. Bh4 Nxh4 12. Nxh4 fxe5 13. Nf3 e4 14. Ne5 Nxe5
15. Qh5+ Ng6 16. Ne2 Bd6 17. Qf5 Qf6 18. Qh3 Qh4 19. Qe6+ Be7 20. g3 Qf6 21.
Qh3 f3 22. Nc3 Qxd4 23. Rad1 Qf6 24. Rfe1 O-O 25. Qd7 Qf5 26. Qxf5 Rxf5 27. Rd4
Bc5 28. Rdd1 b5 29. Kf1 Ne5 30. a3 Ng4 31. b4 Bb6 32. h3 Nxf2 33. Rb1 Nxh3 34.
Nxe4 dxe4 35. Rxe4 Rg5 36. g4 h5 37. Rd1 hxg4 38. Rd7 Bf2 39. Ree7 g3 40. Rxg7+
Rxg7 41. Rxg7+ Kxg7 42. c4 g2# 0-1

[Event "DEM U10/U10w 2009"]
[Site "Willingen GER"]
[Date "2009.05.31"]
[Round "2"]
[White "Schneider, Jana"]
[Black "Richardt, Angelina"]
[Result "0-1"]
[Termination "normal"]
[Board "36"]
[WhiteElo "886"]
[BlackElo "1094"]
[PlyCount "70"]
[WhiteFideId "12924997"]
[BlackFideId "12938149"]
[EventCountry "GER"]
[EventRounds "11"]
[EventType "swiss"]
[EventDate "2009.05.30"]

1. e4 e5 2. Nf3 d6 3. Nc3 Be7 4. Bc4 Nf6 5. O-O O-O 6. d3 c6 7. d4 Nbd7 8. dxe5
dxe5 9. Bg5 a5 10. Bxf6 Bxf6 11. Re1 b5 12. Be2 b4 13. Nb1 Qc7 14. a3 Bb7 15.
axb4 axb4 16. Rxa8 Rxa8 17. Bc4 Ra1 18. c3 bxc3 19. bxc3 Nc5 20. Qd2 Qb6 21.
Ba2 Qa5 22. Re2 Nxe4 23. Rxe4 Rxa2 24. Qd7 h6 25. Qxb7 Qc5 26. Nbd2 Qxc3 27. h3
Rxd2 28. Nxd2 Qxd2 29. Qxc6 Qb2 30. Qe8+ Kh7 31. Qxf7 Qb1+ 32. Kh2 Qxe4 33. f3
Qf4+ 34. Kg1 e4 35. fxe4 Bd4+ 0-1

[Event "DEM U10/U10w 2009"]
[Site "Willingen GER"]
[Date "2009.05.31"]
[Round "2"]
[White "Kim, Yu-Mi"]
[Black "Schirmer, Christoph"]
[Result "0-1"]
[Termination "normal"]
[Board "37"]
[WhiteElo "824"]
[BlackElo "1092"]
[PlyCount "112"]
[WhiteFideId "12955361"]
[EventCountry "GER"]
[EventRounds "11"]
[EventType "swiss"]
[EventDate "2009.05.30"]

1. e4 e5 2. Nf3 d6 3. Bc4 Be7 4. d4 Nd7 5. Nc3 Ngf6 6. Bg5 O-O 7. O-O c6 8. Re1
Qc7 9. d5 a6 10. Bb3 a5 11. a3 b5 12. dxc6 Qxc6 13. Nd5 Bd8 14. Nxf6+ Bxf6 15.
Bd5 Qa6 16. Bxa8 Qxa8 17. Qxd6 Bxg5 18. Nxg5 Nf6 19. Rad1 h6 20. Nf3 Nxe4 21.
Qxe5 Nf6 22. Re2 Bd7 23. Qe7 Re8 24. Rxd7 Rxe7 25. Rdxe7 Qd5 26. b4 a4 27. c3
Qb3 28. Rb7 Qxa3 29. h3 Qa1+ 30. Re1 Qxc3 31. Rxb5 a3 32. Rb1 a2 33. Re1 a1=Q
34. Rxa1 Qxa1+ 35. Kh2 Ne4 36. Re5 Nxf2 37. b5 Qh1+ 38. Kg3 Nd3 39. Re3 Qb1 40.
Re8+ Kh7 41. Rb8 Nc5 42. Nd2 Qg6+ 43. Kf3 Qf5+ 44. Ke3 Qe5+ 45. Kf3 Qf5+ 46.
Ke3 Qe5+ 47. Kf3 Qxb8 48. g4 Qxb5 49. Kf2 Nd3+ 50. Ke3 Nb2 51. Ne4 Qb3+ 52. Kd4
Qd3+ 53. Ke5 Nc4+ 54. Kf4 g5+ 55. Kf5 Qd5+ 56. Kf6 Qe6# 0-1

[Event "DEM U10/U10w 2009"]
[Site "Willingen GER"]
[Date "2009.05.31"]
[Round "2"]
[White "Sieber, Fiona"]
[Black "Pohl, Jannik"]
[Result "1/2-1/2"]
[Termination "normal"]
[Board "38"]
[WhiteElo "1082"]
[BlackElo "883"]
[PlyCount "76"]
[WhiteFideId "12902373"]
[EventCountry "GER"]
[EventRounds "11"]
[EventType "swiss"]
[EventDate "2009.05.30"]

1. e4 e5 2. Nf3 Nc6 3. Bc4 Bc5 4. Nc3 Nf6 5. d3 d6 6. Bg5 Bg4 7. Nd5 Bxf3 8.
Qxf3 Nd4 9. Qd1 h6 10. Nxf6+ gxf6 11. Bh4 Qe7 12. Qd2 O-O-O 13. c3 Nc6 14.
O-O-O Rhg8 15. Rhg1 Na5 16. Bb5 a6 17. Ba4 Ba7 18. Qxh6 Rg6 19. Qd2 Qe6 20. b4
b5 21. Bb3 Qxb3 22. axb3 Nxb3+ 23. Kb2 Nxd2 24. Rxd2 d5 25. Kc2 dxe4 26. dxe4
Rxd2+ 27. Kxd2 Kd8 28. g3 Bxf2 29. Rf1 Bb6 30. Rxf6 Ke8 31. Rxg6 fxg6 32. Bf6
Kf7 33. Bxe5 Ke6 34. Bd4 a5 35. Bxb6 cxb6 36. Kd3 a4 37. Kc2 Ke5 38. h4 Kxe4
1/2-1/2

[Event "DEM U10/U10w 2009"]
[Site "Willingen GER"]
[Date "2009.05.31"]
[Round "2"]
[White "Walker, Julia"]
[Black "Müller, Sophie"]
[Result "1-0"]
[Termination "normal"]
[Board "39"]
[WhiteElo "1066"]
[BlackElo "842"]
[PlyCount "29"]
[WhiteFideId "1271852"]
[BlackFideId "12926698"]
[EventCountry "GER"]
[EventRounds "11"]
[EventType "swiss"]
[EventDate "2009.05.30"]

1. e4 e5 2. Nf3 Nc6 3. Bc4 Bc5 4. Nc3 Nf6 5. d3 O-O 6. Bg5 b6 7. Nd5 Bb7 8.
Nxf6+ gxf6 9. Bh6 Re8 10. Nh4 f5 11. Nxf5 Kh8 12. Bg7+ Kg8 13. Qg4 h6 14. Bxh6+
Kh7 15. Qg7# 1-0

[Event "DEM U10/U10w 2009"]
[Site "Willingen GER"]
[Date "2009.05.31"]
[Round "2"]
[White "Wächter, Nathalie"]
[Black "Truong, Van Trang"]
[Result "1/2-1/2"]
[Termination "normal"]
[Board "40"]
[WhiteElo "804"]
[BlackElo "1059"]
[PlyCount "125"]
[WhiteFideId "12921033"]
[EventCountry "GER"]
[EventRounds "11"]
[EventType "swiss"]
[EventDate "2009.05.30"]

1. e4 e5 2. Nf3 d6 3. Bc4 c6 4. d4 Nd7 5. dxe5 dxe5 6. Nc3 Be7 7. O-O Ngf6 8.
Ng5 O-O 9. f4 h6 10. Nf3 b5 11. Bb3 b4 12. Ne2 Nxe4 13. fxe5 Qc7 14. Bf4 Qb6+
15. Ned4 c5 16. Qe2 Bb7 17. Ba4 cxd4 18. Bxd7 d3+ 19. Qe3 Qxe3+ 20. Bxe3 Rfd8
21. Ba4 Rdc8 22. cxd3 Nc5 23. Bxc5 Bxc5+ 24. d4 Bb6 25. Bb3 Bxf3 26. Rxf3 Bxd4+
27. Kf1 Bxe5 28. Bxf7+ Kh7 29. Bd5 Rab8 30. Be4+ Kh8 31. Bf5 Rc5 32. Rd1 Bxb2
33. Rfd3 Rc1 34. Ke2 Rxd1 35. Kxd1 Rf8 36. g4 h5 37. Be6 hxg4 38. Bxg4 Re8 39.
Bd7 Re7 40. Ba4 g5 41. Bb3 Kg7 42. Kc2 Re2+ 43. Kd1 Rxh2 44. Rd7+ Kf6 45. Rf7+
Ke5 46. Re7+ Kf4 47. Rxa7 Kg3 48. Rd7 g4 49. Rd3+ Kf2 50. Rd2+ Kg3 51. Rd3+ Kf4
52. Ke1 Rh3 53. Rxh3 gxh3 54. Kf2 Bd4+ 55. Kf1 Kg3 56. Bd5 h2 57. Bc6 Kf4 58.
Kg2 Bg1 59. Bb7 Ke3 60. Bc6 Kd2 61. Bb7 Kc2 62. Bc6 Kb2 63. Bd5 1/2-1/2

[Event "DEM U10/U10w 2009"]
[Site "Willingen GER"]
[Date "2009.05.31"]
[Round "2"]
[White "Wallat, Jessica"]
[Black "Puls, Olivia"]
[Result "1-0"]
[Termination "normal"]
[Board "41"]
[WhiteElo "1045"]
[BlackElo "822"]
[PlyCount "75"]
[WhiteFideId "12909637"]
[EventCountry "GER"]
[EventRounds "11"]
[EventType "swiss"]
[EventDate "2009.05.30"]

1. e4 e5 2. Nf3 Nc6 3. Bc4 Nf6 4. d3 Bc5 5. c3 d6 6. h3 d5 7. exd5 Nxd5 8. Qb3
Be6 9. Qxb7 Na5 10. Qb5+ Bd7 11. Qxa5 Bb6 12. Qxd5 Be6 13. Qxd8+ Rxd8 14. Nxe5
Bxc4 15. dxc4 O-O 16. O-O Rfe8 17. Bf4 f6 18. Nc6 Rd7 19. Na3 Re4 20. Bg3 Rd3
21. Bh2 Re2 22. Rab1 Rdd2 23. Bg3 f5 24. Rfe1 Rxb2 25. Rxe2 Rxe2 26. Nb5 Rxa2
27. Nxc7 Bxc7 28. Bxc7 a6 29. Ne5 a5 30. Rd1 h6 31. Rd8+ Kh7 32. Rd7 Ra1+ 33.
Kh2 a4 34. Bd8 Rb1 35. Bf6 Kg8 36. Rxg7+ Kf8 37. Rh7 Kg8 38. Rh8# 1-0

[Event "DEM U10/U10w 2009"]
[Site "Willingen GER"]
[Date "2009.05.31"]
[Round "2"]
[White "Riewe, Jana"]
[Black "Moses, Selina"]
[Result "1-0"]
[Termination "normal"]
[Board "42"]
[WhiteElo "779"]
[BlackElo "1044"]
[PlyCount "51"]
[BlackFideId "12908070"]
[EventCountry "GER"]
[EventRounds "11"]
[EventType "swiss"]
[EventDate "2009.05.30"]

1. e4 e5 2. Nf3 d6 3. d4 Nd7 4. Bb5 c6 5. Bc4 Be7 6. Nc3 Ngf6 7. O-O O-O 8. Bg5
h6 9. Bh4 Re8 10. Qd3 b5 11. Bb3 a5 12. a3 a4 13. Ba2 Qc7 14. Ne2 Nf8 15. Ng3
Ng6 16. Rfe1 Nf4 17. Qd2 Bg4 18. Nf5 Bxf3 19. gxf3 Qd7 20. Kh1 exd4 21. Rg1 Ng6
22. Rg2 d5 23. Nxh6+ gxh6 24. Qxh6 Bf8 25. Rxg6+ Bg7 26. Qxg7# 1-0